[Event "Moscow Open 2007"]
[Site "Moscow"]
[Date "2007.02.02"]
[Round "7"]
[White "Soltanici, Ruslan"]
[Black "Girya, Olga"]
[Result "1-0"]
[WhiteElo "2372"]
[BlackElo "2235"]
[PlyCount "97"]
[EventDate "2007.??.??"]

1. e4 c5 2. Nf3 Nc6 3. d4 cxd4 4. Nxd4 e5 5. Nb5 d6 6. c4 Be7 7. N1c3 a6 8. Na3
f5 9. exf5 Bxf5 10. Bd3 Be6 11. Nc2 Nf6 12. O-O O-O 13. Ne3 Nd4 14. b3 b5 15.
Ncd5 Rb8 16. Bb2 Nxd5 17. Nxd5 Bg5 18. Bxd4 exd4 19. Qh5 Bh6 20. Rae1 Qd7 21.
Qh4 Bxd5 22. cxd5 Rf4 23. Qh5 Rbf8 24. g3 Rf3 25. Be4 Rc3 26. Qe2 g6 27. Bd3
Qf7 28. Qe4 Bd2 29. Rd1 Bh6 30. Qxd4 Bg7 31. Qg4 Qc7 32. h4 Qc8 33. Qb4 Qc5 34.
Qe4 Qd4 35. Qe2 Be5 36. Kg2 Qxd5+ 37. Be4 Qc5 38. h5 Kg7 39. hxg6 hxg6 40. f4
Re3 41. Qc2 Qxc2+ 42. Bxc2 Bf6 43. Rxd6 Re2+ 44. Rf2 Rxf2+ 45. Kxf2 Rd8 46. Rc6
b4 47. Rc7+ Kh6 48. g4 Bc3 49. Kf3 1-0

[Event "Moscow Open 2007"]
[Site "Moscow"]
[Date "2007.02.02"]
[Round "7"]
[White "Sveshnikov, Vladimir"]
[Black "Repina, Varvara"]
[Result "0-1"]
[WhiteElo "2359"]
[BlackElo "2200"]
[PlyCount "102"]
[EventDate "2007.??.??"]

1. e4 c5 2. c3 Nf6 3. e5 Nd5 4. Nf3 Nc6 5. d4 cxd4 6. cxd4 d6 7. Nc3 Nxc3 8.
bxc3 g6 9. Bf4 Bg7 10. exd6 O-O 11. dxe7 Re8 12. Be2 Qxe7 13. Be3 Bg4 14. O-O
Rad8 15. Re1 Qc7 16. h3 Bxf3 17. Bxf3 Ne5 18. Bd2 Nc4 19. Bg5 Rxe1+ 20. Qxe1
Rc8 21. Bg4 Rf8 22. Rd1 h5 23. Bf3 b6 24. Qe7 Qxe7 25. Bxe7 Re8 26. Bg5 Rc8 27.
Rc1 Nd6 28. Kf1 Nb5 29. Bd2 Bf8 30. Be2 Nd6 31. c4 Ne4 32. Be3 f5 33. Bf3 Ba3
34. Bxe4 fxe4 35. Rc2 Kf7 36. Ke2 b5 37. c5 Ke6 38. f3 Kd5 39. fxe4+ Kxe4 40.
Bg1 a5 41. Rc3 Bb2 42. Re3+ Kd5 43. Kd2 b4 44. Re7 Kc4 45. Rd7 Bc3+ 46. Kd1 a4
47. d5 b3 48. axb3+ axb3 49. d6 Ra8 50. Rb7 Kd3 51. Be3 Rf8 0-1

[Event "Moscow Open 2007"]
[Site "Moscow"]
[Date "2007.02.02"]
[Round "7"]
[White "Tilicheev, Viacheslav"]
[Black "Grabuzova, Tatiana"]
[Result "1/2-1/2"]
[WhiteElo "2039"]
[BlackElo "2357"]
[PlyCount "92"]
[EventDate "2007.??.??"]

1. e4 e6 2. d4 d5 3. e5 c5 4. c3 Qb6 5. Nf3 Nc6 6. a3 Nh6 7. b4 cxd4 8. cxd4
Nf5 9. Bb2 Be7 10. Nc3 Nfxd4 11. Nxd4 Qxd4 12. Qxd4 Nxd4 13. Nxd5 exd5 14. Bxd4
O-O 15. Bd3 a5 16. b5 a4 17. O-O Bd7 18. Rfc1 Rfc8 19. b6 Rc6 20. Rxc6 Bxc6 21.
Kf1 Kf8 22. Ke2 g6 23. f4 Bd7 24. h3 h5 25. Rc1 Rc8 26. Rxc8+ Bxc8 27. Bb5 Bxa3
28. Bxa4 Ke7 29. Kf3 Bd7 30. Bb3 Ke6 31. g4 hxg4+ 32. hxg4 Bc6 33. Ba2 Bc1 34.
Bb3 Ba3 35. Ba2 Be7 36. Bb1 Kd7 37. Ba2 Ke6 38. Bb1 Kd7 39. Ba2 g5 40. f5 Ba3
41. Bb3 Bc1 42. Ba2 Bf4 43. Bb3 Bh2 44. Kg2 Bf4 45. Kf3 Bh2 46. Kg2 Bf4 1/2-1/2

[Event "Moscow Open 2007"]
[Site "Moscow"]
[Date "2007.02.02"]
[Round "7"]
[White "Bochkarev, Alexander"]
[Black "Pletnev, Evgeniy"]
[Result "1-0"]
[WhiteElo "2434"]
[BlackElo "2299"]
[PlyCount "87"]
[EventDate "2007.??.??"]

1. e4 c5 2. Nf3 d6 3. d4 cxd4 4. Nxd4 Nf6 5. Nc3 g6 6. h3 Bg7 7. g3 O-O 8. Bg2
a6 9. a4 e5 10. Nde2 Be6 11. O-O Nc6 12. Be3 Rc8 13. Qd2 Nb4 14. a5 d5 15. Ra4
d4 16. Rxb4 dxe3 17. Qxe3 Qxa5 18. Rxb7 Rb8 19. Rxb8 Rxb8 20. b3 Rc8 21. Rd1
Nd7 22. Qd3 Nb6 23. g4 Bf8 24. Nd5 Qc5 25. c3 a5 26. Ra1 Kg7 27. Qa6 Bxd5 28.
exd5 Ra8 29. Qd3 Rd8 30. Qe3 Qb5 31. Qxe5+ Kg8 32. Nd4 Qd3 33. Nc6 Bg7 34. Qc7
Re8 35. Qxb6 Bxc3 36. Rf1 Re2 37. Qb8+ Kg7 38. Qf4 h6 39. Bf3 Rb2 40. Qe3 Qc2
41. Rc1 Rb1 42. Rxb1 Qxb1+ 43. Kg2 Qxb3 44. Nxa5 1-0

[Event "Moscow Open 2007"]
[Site "Moscow"]
[Date "2007.02.02"]
[Round "7"]
[White "Shumilina, Alexandra"]
[Black "Kozlov, Vladimir N"]
[Result "1-0"]
[WhiteElo "2277"]
[BlackElo "2413"]
[PlyCount "61"]
[EventDate "2007.??.??"]

1. e4 c5 2. c3 d5 3. exd5 Qxd5 4. d4 Nf6 5. Nf3 e6 6. Be3 cxd4 7. cxd4 Bb4+ 8.
Nc3 O-O 9. Bd3 b6 10. O-O Bxc3 11. bxc3 Ba6 12. Bxa6 Nxa6 13. Qa4 Nb8 14. Rfd1
Rc8 15. Rac1 b5 16. Qb3 Nbd7 17. h3 Nb6 18. Ne5 Ne4 19. Qb4 f6 20. Nd3 Qxa2 21.
d5 exd5 22. Nf4 Kh8 23. Ra1 Qc4 24. Bxb6 Nxc3 25. Qxc4 Rxc4 26. Rd3 Na4 27. Be3
Rd8 28. Rxd5 Rxd5 29. Nxd5 a5 30. Bb6 b4 31. Rxa4 1-0

[Event "Moscow Open 2007"]
[Site "Moscow"]
[Date "2007.02.02"]
[Round "7"]
[White "Krylov, Mikhail"]
[Black "Airapetian, Tatevik"]
[Result "1-0"]
[WhiteElo "2408"]
[BlackElo "2245"]
[PlyCount "91"]
[EventDate "2007.??.??"]

1. d4 Nf6 2. c4 e6 3. g3 c5 4. Nf3 cxd4 5. Nxd4 d5 6. Bg2 Qa5+ 7. Nd2 Nc6 8.
Nc2 dxc4 9. O-O Qa6 10. Ne3 b5 11. a4 Rb8 12. axb5 Qxa1 13. Bxc6+ Bd7 14. Ne4
Rd8 15. Nd6+ Bxd6 16. Qxd6 Bxc6 17. Qxc6+ Rd7 18. Ng4 Nxg4 19. Bg5 Qxf1+ 20.
Kxf1 Nf6 21. Kg2 h6 22. Bxf6 gxf6 23. Qa8+ Rd8 24. Qxa7 O-O 25. Qc7 Rc8 26. Qe7
Kg7 27. b6 Rc6 28. Qb7 Rc5 29. Qd7 Rd5 30. Qc6 Rd2 31. Qxc4 Rxb2 32. Qg4+ Kh7
33. Qd4 Rb3 34. Qc5 Kg7 35. Qc7 Rb2 36. b7 Re8 37. e4 Rb3 38. h4 Rf8 39. g4 Kg6
40. e5 Rb4 41. Qe7 Rxb7 42. Qxf8 fxe5 43. h5+ Kh7 44. Kf3 Rc7 45. Ke4 f5+ 46.
gxf5 1-0

[Event "Moscow Open 2007"]
[Site "Moscow"]
[Date "2007.02.02"]
[Round "7"]
[White "Aslanov, Sergei"]
[Black "Yuferov, Sergey N"]
[Result "0-1"]
[WhiteElo "2233"]
[BlackElo "2407"]
[PlyCount "78"]
[EventDate "2007.??.??"]

1. e4 d5 2. exd5 Qxd5 3. Nc3 Qa5 4. Bc4 c6 5. d3 Nf6 6. Qe2 Bf5 7. Bd2 Qc7 8.
Nf3 e6 9. Nd4 Be7 10. Nxf5 exf5 11. O-O-O O-O 12. Qf3 g6 13. h3 Nbd7 14. d4 b5
15. Bd3 b4 16. Ne2 c5 17. dxc5 Ne5 18. Bf4 Qxc5 19. Qe3 Nxd3+ 20. Rxd3 Ne4 21.
Nd4 Rac8 22. f3 Bf6 23. fxe4 Bxd4 24. Qd2 Bg7 25. Rd5 Qc4 26. Kb1 fxe4 27. Re1
Rfe8 28. g4 h6 29. Be3 Rc6 30. Ra5 a6 31. Rd5 Kh7 32. Rd7 Rec8 33. Bd4 R8c7 34.
Rxc7 Rxc7 35. Rxe4 Rd7 36. c3 bxc3 37. Qxc3 Qd5 38. Bxg7 Qxe4+ 39. Kc1 Qh1+ 0-1

[Event "Moscow Open 2007"]
[Site "Moscow"]
[Date "2007.02.02"]
[Round "7"]
[White "Ayupov, Damir"]
[Black "Yuzhakov, Oleg"]
[Result "1/2-1/2"]
[WhiteElo "2403"]
[BlackElo "2221"]
[PlyCount "21"]
[EventDate "2007.??.??"]

1. d4 e6 2. c4 d5 3. Nc3 c6 4. e3 f5 5. f4 Nf6 6. Nf3 Bd6 7. c5 Bc7 8. Rb1 Ne4
9. Bd2 O-O 10. Be2 b6 11. b4 1/2-1/2

[Event "Moscow Open 2007"]
[Site "Moscow"]
[Date "2007.02.02"]
[Round "7"]
[White "Ostertag, Galina"]
[Black "Filipenko, Alexander V"]
[Result "0-1"]
[WhiteElo "2210"]
[BlackElo "2376"]
[PlyCount "118"]
[EventDate "2007.??.??"]

1. e4 c5 2. Nc3 Nc6 3. g3 g6 4. Bg2 Bg7 5. d3 d6 6. Be3 Rb8 7. Qd2 b5 8. Nge2
b4 9. Nd1 h5 10. f4 h4 11. h3 hxg3 12. Nxg3 e5 13. f5 Bh6 14. Qf2 Qh4 15. fxg6
fxg6 16. O-O Rb7 17. Nh1 Qxf2+ 18. Nhxf2 Nd4 19. Bxh6 Nxh6 20. Ne3 Nf7 21. Nfg4
Bxg4 22. hxg4 Ne2+ 23. Kf2 Nf4 24. Rh1 Rxh1 25. Rxh1 Rb6 26. Nd5 Nxd5 27. exd5
Ng5 28. Be4 Kf7 29. Rh6 Ra6 30. Rh8 Rxa2 31. Ra8 c4 32. Ke3 c3 33. bxc3 bxc3
34. Rc8 Rxc2 35. Rc7+ Kf6 36. Rxa7 Rc1 37. Rc7 Nxe4 38. dxe4 Kg5 39. Rc6 Rf1
40. Rxc3 Kxg4 41. Rc6 Rf3+ 42. Ke2 Rf6 43. Rc7 Kf4 44. Kd3 g5 45. Rc1 g4 46.
Rf1+ Kg5 47. Rg1 Rf3+ 48. Ke2 Kf4 49. Ra1 Kxe4 50. Ra4+ Kxd5 51. Rxg4 Rh3 52.
Ra4 e4 53. Ra5+ Kd4 54. Ra4+ Ke5 55. Ra8 d5 56. Ra5 Rh2+ 57. Ke3 Rb2 58. Ra4
d4+ 59. Rxd4 Rb3+ 0-1

[Event "Moscow Open 2007"]
[Site "Moscow"]
[Date "2007.02.02"]
[Round "7"]
[White "Metlyakhin, Dmitry"]
[Black "Utkin, Aleksey"]
[Result "0-1"]
[WhiteElo "2199"]
[BlackElo "2374"]
[PlyCount "84"]
[EventDate "2007.??.??"]

1. Nf3 Nf6 2. c4 g6 3. g3 Bg7 4. Bg2 O-O 5. O-O d6 6. d4 Nbd7 7. Qc2 e5 8. Rd1
Re8 9. e4 exd4 10. Nxd4 Qe7 11. Nc3 c6 12. h3 a5 13. Bf4 Ne5 14. b3 Nfd7 15.
Rd2 Nc5 16. Rad1 a4 17. Be3 axb3 18. axb3 Na6 19. f4 Nb4 20. Qb1 Nd7 21. Bf2
Nc5 22. Nde2 Ra3 23. Bxc5 dxc5 24. Kh2 Ra8 25. Qc1 h5 26. h4 Bg4 27. e5 f6 28.
Be4 fxe5 29. Bxg6 Rf8 30. f5 Bxf5 31. Bxf5 Rxf5 32. Rd7 Qf8 33. Ne4 Bh6 34. Qb1
Bg7 35. N2c3 Rf3 36. Ng5 Rf2+ 37. Kg1 Qf5 38. Nce4 Rc2 39. Rf1 Qxd7 40. Rf7
Qd4+ 41. Kh1 Ra1 42. Rxg7+ Kxg7 0-1

[Event "Moscow Open 2007"]
[Site "Moscow"]
[Date "2007.02.02"]
[Round "7"]
[White "Onoprienko, Vladimir"]
[Black "Arslanov, Shamil"]
[Result "1-0"]
[WhiteElo "2354"]
[BlackElo "2192"]
[PlyCount "95"]
[EventDate "2007.??.??"]

1. e4 e6 2. d4 d5 3. Nc3 Bb4 4. e5 c5 5. a3 Bxc3+ 6. bxc3 Ne7 7. Qg4 cxd4 8.
Qxg7 Rg8 9. Qxh7 Qa5 10. Rb1 Qxc3+ 11. Bd2 Qc7 12. f4 Nbc6 13. Nf3 Bd7 14. Qd3
Nf5 15. Rg1 Na5 16. Nxd4 Nxd4 17. Qxd4 Qxc2 18. Bd3 Qc7 19. Kf2 Nc4 20. Bb4 b6
21. Rbc1 Rc8 22. g3 Bb5 23. h4 a5 24. Bd6 Qb7 25. Bxc4 Bxc4 26. h5 Rc6 27. g4
f6 28. exf6 Rxd6 29. Rxc4 Kd7 30. Rc3 Rc8 31. Rgc1 Rc4 32. Rxc4 dxc4 33. Qxc4
Rd2+ 34. Ke3 Rd6 35. f7 Ke7 36. Qc7+ Rd7 37. Qxb7 Rxb7 38. g5 Kxf7 39. a4 b5
40. axb5 Rxb5 41. Rc7+ Kf8 42. h6 Rb3+ 43. Ke4 Rh3 44. Ke5 a4 45. Ra7 a3 46.
Kxe6 Re3+ 47. Kf6 Kg8 48. Ra8+ 1-0

[Event "Moscow Open 2007"]
[Site "Moscow"]
[Date "2007.02.02"]
[Round "7"]
[White "Vladimirov, Ivan"]
[Black "Hambartsumian, Yuri"]
[Result "0-1"]
[WhiteElo "2191"]
[BlackElo "2354"]
[PlyCount "95"]
[EventDate "2007.??.??"]

1. e4 c5 2. Nc3 a6 3. a4 d6 4. g3 Nc6 5. Bg2 g6 6. f4 Bg7 7. Nf3 e5 8. d3 Nge7
9. O-O O-O 10. h3 f5 11. exf5 Nxf5 12. Kh2 Kh8 13. fxe5 Nxe5 14. Bf4 Nxf3+ 15.
Rxf3 Bd7 16. Ne4 Bc6 17. c3 h6 18. Rf1 g5 19. Bxg5 hxg5 20. Qh5+ Nh6 21. Rxf8+
Qxf8 22. Rf1 Qe8 23. Qxg5 Bxe4 24. Bxe4 Qe6 25. Rf2 Rb8 26. c4 b6 27. Bd5 Qe5
28. Qg6 Rf8 29. Rxf8+ Bxf8 30. b3 Qf5 31. Qe8 Kg7 32. Qd8 Qe5 33. Be4 Be7 34.
Qxb6 Bh4 35. Qc7+ Nf7 36. Qc8 Qxg3+ 37. Kh1 Qe1+ 38. Kg2 Qe2+ 39. Kh1 Bg3 40.
Qg4+ Qxg4 41. hxg4 a5 42. Kg2 Bh4 43. Bf5 Kf6 44. Kf3 Ke5 45. Ke2 Bg5 46. Kd1
Nh6 47. Bd7 Kd4 48. Kc2 0-1

[Event "Moscow Open 2007"]
[Site "Moscow"]
[Date "2007.02.02"]
[Round "7"]
[White "Moskalenko, Alexander"]
[Black "Bacherikov, Vitaly"]
[Result "1-0"]
[WhiteElo "2352"]
[BlackElo "2209"]
[PlyCount "93"]
[EventDate "2007.??.??"]

1. b3 e5 2. Bb2 d6 3. e3 Nf6 4. c4 Be7 5. d3 O-O 6. Nf3 c6 7. Be2 Nbd7 8. O-O
a6 9. a4 a5 10. Nc3 Re8 11. Ba3 Qc7 12. Qc2 Nf8 13. h3 Ng6 14. Nd2 Bf5 15. Nce4
Rad8 16. b4 axb4 17. Bxb4 Ra8 18. a5 Nxe4 19. Nxe4 d5 20. Bxe7 dxe4 21. Bb4
exd3 22. Bxd3 e4 23. Be2 Nh4 24. g3 Bxh3 25. gxh4 Re6 26. h5 Qe5 27. Kh1 Bxf1
28. Rxf1 Qg5 29. Rg1 Qh4+ 30. Kg2 Rf6 31. Bd1 Rf5 32. Kf1 Qh3+ 33. Ke1 Qh2 34.
Rf1 Qg2 35. Bc3 Rd8 36. Be2 h6 37. Qb1 Rd7 38. Qb6 Rg5 39. a6 bxa6 40. Qxc6 Rd8
41. Qb6 Rc8 42. Bd4 a5 43. c5 a4 44. Ba6 Re8 45. c6 Qh3 46. c7 a3 47. Qb8 1-0

[Event "Moscow Open 2007"]
[Site "Moscow"]
[Date "2007.02.02"]
[Round "7"]
[White "Babushkin, Eduard"]
[Black "Isaev, Yuri"]
[Result "1/2-1/2"]
[WhiteElo "2170"]
[BlackElo "2343"]
[PlyCount "116"]
[EventDate "2007.??.??"]

1. d4 Na6 2. Nf3 c6 3. e4 Nc7 4. Bd3 d5 5. e5 g6 6. O-O h5 7. Bg5 Bg4 8. h3
Bxf3 9. Qxf3 Ne6 10. Be3 Qb6 11. Nc3 Bh6 12. Ne2 Bxe3 13. fxe3 Nh6 14. b4 O-O-O
15. a4 Qxb4 16. a5 Nf5 17. a6 b6 18. Bxf5 gxf5 19. Qxf5 Qd2 20. Qxf7 Qxe3+ 21.
Rf2 Ng5 22. Qf4 Qxf4 23. Rxf4 Ne6 24. Rf7 Kd7 25. c3 Rdg8 26. Kh2 h4 27. Rg1
Rh6 28. Rf5 Nc7 29. Rf3 c5 30. Nf4 cxd4 31. cxd4 b5 32. Ra1 Rf8 33. Nd3 Rxf3
34. Nc5+ Kc6 35. gxf3 b4 36. f4 Nb5 37. Nb3 e6 38. Ra4 Nc7 39. Rxb4 Nb5 40. Nd2
Rh8 41. Nf3 Nc7 42. Rb7 Nxa6 43. Rxa7 Nc7 44. Ng5 Rb8 45. Ra2 Kd7 46. Kg2 Rb3
47. Nf3 Rd3 48. Rd2 Rc3 49. Nxh4 Ne8 50. f5 exf5 51. Nxf5 Nc7 52. Rf2 Ne6 53.
h4 Rd3 54. h5 Nxd4 55. h6 Nxf5 56. h7 Ne3+ 57. Kf3 Nc4+ 58. Kg2 Ne3+ 1/2-1/2

[Event "Moscow Open 2007"]
[Site "Moscow"]
[Date "2007.02.02"]
[Round "7"]
[White "Venevtsev, Andrey"]
[Black "Kadimova, Ilaha"]
[Result "0-1"]
[WhiteElo "2181"]
[BlackElo "2333"]
[PlyCount "52"]
[EventDate "2007.??.??"]

1. e4 c6 2. d4 d5 3. e5 Bf5 4. c3 e6 5. Nf3 Nd7 6. Be2 Ne7 7. O-O h6 8. Nbd2
Bh7 9. Nb3 Qc7 10. Be3 Nf5 11. Bd2 Be7 12. Bc1 g5 13. Be3 O-O-O 14. Bd3 f6 15.
exf6 Bd6 16. h3 Nxf6 17. Bxf5 exf5 18. Nc5 Rdg8 19. Qa4 Kb8 20. b4 f4 21. Bd2
g4 22. hxg4 Rxg4 23. Ne5 Bxe5 24. dxe5 f3 25. g3 Qxe5 26. Bf4 Qxf4 0-1

[Event "Moscow Open 2007"]
[Site "Moscow"]
[Date "2007.02.02"]
[Round "7"]
[White "Kruchev, Boris"]
[Black "Savina, Anastasia"]
[Result "1/2-1/2"]
[WhiteElo "2328"]
[BlackElo "2153"]
[PlyCount "108"]
[EventDate "2007.??.??"]

1. d4 Nf6 2. c4 g6 3. Nc3 Bg7 4. e4 d6 5. f3 O-O 6. Be3 c5 7. Nge2 Nc6 8. Qd2
cxd4 9. Nxd4 Nxd4 10. Bxd4 Be6 11. Be2 Qa5 12. O-O Rfc8 13. b3 b5 14. b4 Qxb4
15. Rab1 Qa5 16. Rxb5 Qd8 17. Nd5 Nxd5 18. exd5 Bxd4+ 19. Qxd4 Bf5 20. g4 Bd7
21. Rb3 Qa5 22. Re3 e5 23. dxe6 Bxe6 24. Qxd6 Bxc4 25. Bxc4 Rxc4 26. Rfe1 Qc5
27. Qxc5 Rxc5 28. Ra3 Rc2 29. Rf1 a5 30. Rf2 Rc4 31. Kg2 g5 32. Re2 h6 33. Kg3
Kg7 34. h3 Ra6 35. h4 a4 36. Re5 Kg6 37. Rf5 Rd6 38. Ra5 Rd2 39. Ra6+ Kg7 40.
R6xa4 Rcc2 41. hxg5 hxg5 42. f4 Rg2+ 43. Kf3 Rcf2+ 44. Ke3 gxf4+ 45. Ke4 Rxg4
46. Rf3 Re2+ 47. Kf5 Rg6 48. Rfxf4 Rf6+ 49. Kg5 Rxf4 50. Kxf4 Kg6 51. a3 Ra2
52. Ra6+ f6 53. a4 Ra3 54. Ke4 Kg5 1/2-1/2

[Event "Moscow Open 2007"]
[Site "Moscow"]
[Date "2007.02.02"]
[Round "7"]
[White "Fominykh, Maria"]
[Black "Ambartsumova, Karina"]
[Result "1-0"]
[WhiteElo "2316"]
[BlackElo "2179"]
[PlyCount "87"]
[EventDate "2007.??.??"]

1. Nf3 c5 2. c4 Nc6 3. Nc3 e5 4. g3 g6 5. Bg2 Bg7 6. O-O Nge7 7. Ne1 O-O 8. Nc2
d6 9. Ne3 Be6 10. d3 Rb8 11. a3 a6 12. Rb1 b5 13. Ncd5 Nd4 14. Bd2 Nec6 15. b4
Qd7 16. Re1 f5 17. f4 Bf7 18. Qc1 Rfc8 19. bxc5 dxc5 20. Kf1 Qd6 21. Bc3 Re8
22. Ba1 Bh6 23. Nd1 exf4 24. gxf4 bxc4 25. dxc4 Rxb1 26. Qxb1 Rb8 27. Bb2 Bxf4
28. e3 Nb3 29. Qd3 Ne5 30. Qc3 Bxh2 31. Re2 Qd8 32. Bf3 Qh4 33. Nf4 Bxc4 34.
Bd5+ Bxd5 35. Qxe5 Nd4 36. Qxd5+ Kg7 37. Qe5+ Kh6 38. Bxd4 Rg8 39. Bxc5 Qg3 40.
Rg2 Qf3+ 41. Nf2 Bg3 42. Qf6 Bxf4 43. Qh4+ Kg7 44. Bd4+ 1-0

[Event "Moscow Open 2007"]
[Site "Moscow"]
[Date "2007.02.02"]
[Round "7"]
[White "Lelekova, Olga"]
[Black "Demianjuk, Alexander"]
[Result "1-0"]
[WhiteElo "2184"]
[BlackElo "2342"]
[PlyCount "65"]
[EventDate "2007.??.??"]

1. e4 c5 2. Nf3 d6 3. d4 cxd4 4. Nxd4 Nf6 5. Nc3 a6 6. Be3 e5 7. Nb3 Be6 8. Qd2
Be7 9. f3 O-O 10. O-O-O Nbd7 11. g4 b5 12. g5 b4 13. Nd5 Nxd5 14. exd5 Bf5 15.
h4 a5 16. Bd3 Bxd3 17. Qxd3 a4 18. Nd2 Qa5 19. Kb1 Rfc8 20. h5 Nc5 21. Bxc5
Qxc5 22. g6 Rf8 23. Ne4 Qc8 24. Qe3 f5 25. h6 hxg6 26. hxg7 Kxg7 27. Qh6+ Kf7
28. Qh7+ Ke8 29. Qxg6+ Kd7 30. Rh7 fxe4 31. Qe6+ Kc7 32. Rxe7+ Kb6 33. Qxd6+
1-0

[Event "Moscow Open 2007"]
[Site "Moscow"]
[Date "2007.02.02"]
[Round "7"]
[White "Idrisova, Roza"]
[Black "Konenkin, Dmitry"]
[Result "1/2-1/2"]
[WhiteElo "2109"]
[BlackElo "2319"]
[PlyCount "84"]
[EventDate "2007.??.??"]

1. d4 d6 2. Nf3 Bg4 3. e4 g6 4. h3 Bxf3 5. Qxf3 Bg7 6. Bc4 e6 7. c3 Ne7 8. Bg5
Nd7 9. Na3 h6 10. Be3 O-O 11. O-O c6 12. Nc2 d5 13. exd5 cxd5 14. Bb3 a5 15.
Ne1 a4 16. Bc2 a3 17. Rb1 Qc8 18. Bd2 e5 19. bxa3 Rxa3 20. Bb3 e4 21. Qe2 Re8
22. Nc2 Ra8 23. Ne3 Nb6 24. f3 Qe6 25. fxe4 Qxe4 26. Qb5 Qe6 27. Rbe1 Qc6 28.
Qd3 Rac8 29. Ng4 Nf5 30. Ne5 Bxe5 31. dxe5 Nc4 32. Bf4 Qc5+ 33. Kh2 Nb2 34.
Qxd5 Qxd5 35. Bxd5 Nd3 36. Rb1 Nxf4 37. Rxf4 Rxe5 38. c4 Rc7 39. Rxb7 Rxb7 40.
Bxb7 Ra5 41. Rf2 Ne3 42. Bd5 Nxd5 1/2-1/2

[Event "Moscow Open 2007"]
[Site "Moscow"]
[Date "2007.02.02"]
[Round "7"]
[White "Margolit, Remir B"]
[Black "Romashko, Andrei"]
[Result "0-1"]
[WhiteElo "2312"]
[BlackElo "2177"]
[PlyCount "78"]
[EventDate "2007.??.??"]

1. c4 e5 2. Nc3 Nf6 3. g3 d5 4. cxd5 Nxd5 5. Bg2 Nb6 6. Nf3 Nc6 7. d3 Be7 8.
Be3 O-O 9. O-O Re8 10. Na4 Nd5 11. Bc5 Bf6 12. Rc1 b6 13. Ba3 Bb7 14. Nd2 Nd4
15. Ne4 Be7 16. Bxe7 Rxe7 17. Nac3 c5 18. Nxd5 Bxd5 19. Nc3 Bxg2 20. Kxg2 Qd7
21. e4 Re6 22. f4 f5 23. exf5 Nxf5 24. Qf3 Rf8 25. Kg1 exf4 26. Qxf4 Qxd3 27.
Rfd1 Qe3+ 28. Qxe3 Nxe3 29. Rd7 Ref6 30. h4 Rf2 31. Ne4 Rxb2 32. Re1 Nc2 33.
Nf6+ Rxf6 34. Re8+ Rf8 35. Ree7 Rb1+ 36. Kh2 Rf2+ 37. Kh3 h5 38. g4 Rg1 39. g5
Ne1 0-1

[Event "Moscow Open 2007"]
[Site "Moscow"]
[Date "2007.02.02"]
[Round "7"]
[White "Ezhikov, Vitaly"]
[Black "Stukopin, Andrey"]
[Result "1/2-1/2"]
[WhiteElo "2131"]
[BlackElo "2307"]
[PlyCount "170"]
[EventDate "2007.??.??"]

1. d4 g6 2. c4 Bg7 3. Nc3 Nf6 4. Nf3 O-O 5. g3 d6 6. Bg2 Nbd7 7. O-O e5 8. e4
c6 9. h3 Qe7 10. Re1 Re8 11. Be3 exd4 12. Nxd4 Nc5 13. Nc2 Be6 14. Qe2 Nfd7 15.
Bd4 Ne5 16. b3 f5 17. f4 Ned3 18. Red1 fxe4 19. Bxe4 Nxe4 20. Qxe4 Nc5 21. Qg2
Bxd4+ 22. Rxd4 Bf5 23. Rad1 Qf6 24. Kh2 a5 25. Qd2 Bxc2 26. Qxc2 Re3 27. Ne4
Qe7 28. Nf2 Re2 29. R1d2 Re8 30. Rxe2 Qxe2 31. Rd2 Qf3 32. Qd1 Re3 33. Qxf3
Rxf3 34. Kg2 Rc3 35. Nd1 Rc1 36. Kf3 Kf7 37. Ke3 Ke6 38. g4 Na6 39. Nf2 h6 40.
Ne4 d5 41. cxd5+ cxd5 42. Nf2 Nb4 43. Nd3 Rh1 44. Nc5+ Kf6 45. Nxb7 Rxh3+ 46.
Kd4 a4 47. bxa4 Rf3 48. g5+ hxg5 49. fxg5+ Kxg5 50. Kc5 Rf4 51. Rd4 Na6+ 52.
Kxd5 Rf7 53. Kc6 Nb8+ 54. Kb6 Nd7+ 55. Kb5 Nb8 56. Nc5 Rf5 57. Kb6 Kh5 58. a5
Rf2 59. Rd8 Rf6+ 60. Kc7 Rc6+ 61. Kxb8 Rxc5 62. a6 Rb5+ 63. Ka7 g5 64. Rb8 Ra5
65. Rb2 Rf5 66. Ka8 Rf8+ 67. Kb7 Rf7+ 68. Kb6 Rf6+ 69. Ka5 Rf7 70. Rb7 Rf5+ 71.
Rb5 Rf7 72. a4 Kh4 73. Rb7 Rf5+ 74. Kb6 Rf6+ 75. Kb5 Rf5+ 76. Kb4 Rf4+ 77. Kc5
Rf5+ 78. Kb4 Rf4+ 79. Kc3 Rf3+ 80. Kd2 Rf4 81. Rb8 Rxa4 82. Ra8 Kg3 83. a7 g4
84. Ke2 Ra2+ 85. Ke3 Ra3+ 1/2-1/2

[Event "Moscow Open 2007"]
[Site "Moscow"]
[Date "2007.02.02"]
[Round "7"]
[White "Belous, Vladimir"]
[Black "Davydenko, Andrey"]
[Result "1-0"]
[WhiteElo "2289"]
[BlackElo "2167"]
[PlyCount "93"]
[EventDate "2007.??.??"]

1. Nf3 Nf6 2. c4 g6 3. Nc3 Bg7 4. g3 O-O 5. Bg2 d6 6. O-O e5 7. d3 Nc6 8. Rb1
Ne8 9. b4 f5 10. Qb3 h6 11. b5 Ne7 12. a4 Be6 13. Ba3 g5 14. Nd2 Rb8 15. Qb4
Rf7 16. a5 Nf6 17. c5 d5 18. b6 Nc6 19. Qa4 a6 20. bxc7 Rxc7 21. Rbd1 Qd7 22.
e4 d4 23. exf5 Bxf5 24. Nce4 Nd5 25. Bb2 Bg4 26. Rde1 Kh8 27. Nc4 Qe6 28. Ned6
Rf8 29. Qb3 Bf3 30. Bxf3 Rxf3 31. Nb6 Nf4 32. Qd1 Rxd3 33. Qc2 Nh3+ 34. Kg2 Rb3
35. Nbc4 Rb4 36. Ba3 g4 37. Bxb4 Nxb4 38. Qe4 Ng5 39. Qf5 Qd5+ 40. f3 gxf3+ 41.
Kg1 Rxc5 42. h4 Nh7 43. Nxe5 Bxe5 44. Nf7+ Kg7 45. Rxe5 f2+ 46. Qxf2 Qc4 47.
Nd6 1-0

[Event "Moscow Open 2007"]
[Site "Moscow"]
[Date "2007.02.02"]
[Round "7"]
[White "Popelyshev, Igor V"]
[Black "Viliavin, Roman"]
[Result "1/2-1/2"]
[WhiteElo "2106"]
[BlackElo "2263"]
[PlyCount "60"]
[EventDate "2007.??.??"]

1. e4 c5 2. Na3 Nc6 3. Bb5 g6 4. f4 Bg7 5. Bxc6 dxc6 6. Nf3 Nf6 7. d3 O-O 8.
O-O b5 9. Qe1 Ba6 10. e5 Nd5 11. Ng5 c4 12. Qh4 h6 13. Ne4 f5 14. Nc5 cxd3 15.
cxd3 Qb6 16. Qf2 Rfd8 17. Rd1 b4 18. Nc4 Bxc4 19. dxc4 Nc3 20. Rxd8+ Rxd8 21.
Be3 Nd1 22. Ne6 c5 23. Qe2 Qxe6 24. Rxd1 Rxd1+ 25. Qxd1 Qxc4 26. b3 Qc3 27.
Qd5+ e6 28. Qxe6+ Kh7 29. Kf2 Qc2+ 30. Kf3 Qe4+ 1/2-1/2

[Event "Moscow Open 2007"]
[Site "Moscow"]
[Date "2007.02.02"]
[Round "7"]
[White "Shamugia, Shavleg"]
[Black "Khropova, Larisa"]
[Result "1-0"]
[WhiteElo "2277"]
[BlackElo "2163"]
[PlyCount "95"]
[EventDate "2007.??.??"]

1. e4 e5 2. Nf3 Qe7 3. Bc4 g6 4. O-O Bg7 5. d4 d6 6. dxe5 dxe5 7. b3 Be6 8.
Bb5+ c6 9. Ba3 Qd7 10. Bd3 h6 11. Nbd2 b5 12. Qe2 a5 13. Rad1 b4 14. Bb2 Qc7
15. Ne1 Nf6 16. Bc4 Bg4 17. f3 Bc8 18. Nd3 Nbd7 19. f4 O-O 20. fxe5 Ng4 21.
Qxg4 Nxe5 22. Qg3 Qa7+ 23. Kh1 Nxc4 24. Nxc4 Be6 25. Bxg7 Kxg7 26. Qe5+ Kh7 27.
Qc5 Qa6 28. Nde5 Kg7 29. Nd7 Bxd7 30. Rxd7 Rae8 31. Qxa5 Qxa5 32. Nxa5 c5 33.
Nb7 Rxe4 34. Nxc5 Re2 35. Kg1 Kg8 36. Nd3 Rxc2 37. Nxb4 Rb2 38. Ra7 f5 39. Nd3
Rd2 40. Nf4 g5 41. Nh5 f4 42. h4 Rc8 43. hxg5 Rc5 44. Rg7+ Kh8 45. Rxf4 Rd8 46.
Rff7 Rxg5 47. Rh7+ Kg8 48. Nf6# 1-0

[Event "Moscow Open 2007"]
[Site "Moscow"]
[Date "2007.02.02"]
[Round "7"]
[White "Loginov, Anton"]
[Black "Rasstriguine, Andrei"]
[Result "1-0"]
[WhiteElo "2243"]
[BlackElo "2161"]
[PlyCount "32"]
[EventDate "2007.??.??"]

1. d4 Nf6 2. c4 e6 3. Nf3 b6 4. Nc3 Bb4 5. Qc2 O-O 6. Bg5 h6 7. Bxf6 Qxf6 8. g3
c5 9. Bg2 Bb7 10. dxc5 bxc5 11. O-O Bxc3 12. bxc3 d6 13. Ng5 Qxg5 14. Bxb7 Nd7
15. Bxa8 Rxa8 16. Rad1 Ne5 1-0

[Event "Moscow Open 2007"]
[Site "Moscow"]
[Date "2007.02.02"]
[Round "7"]
[White "Larina, Marija"]
[Black "Kopylov, Alexander A"]
[Result "0-1"]
[WhiteElo "2094"]
[BlackElo "2237"]
[PlyCount "72"]
[EventDate "2007.??.??"]

1. e4 c5 2. Nf3 Nc6 3. d4 cxd4 4. Nxd4 Nf6 5. Nc3 d6 6. Bc4 e6 7. Bb3 Be7 8.
O-O O-O 9. Be3 Bd7 10. f4 Nxd4 11. Bxd4 Bc6 12. Qf3 b5 13. a3 a5 14. Rfe1 b4
15. Na4 Qc7 16. Nb6 Rab8 17. Nc4 a4 18. Ba2 d5 19. Nd2 dxe4 20. Nxe4 Nxe4 21.
Rxe4 Bxe4 22. Qxe4 Bc5 23. Bc4 Rfd8 24. Rd1 Bxd4+ 25. Rxd4 Qc5 26. c3 bxc3 27.
bxc3 Rxd4 28. Qxd4 Qxd4+ 29. cxd4 Rb1+ 30. Kf2 Ra1 31. f5 Rxa3 32. fxe6 fxe6
33. Bxe6+ Kf8 34. Bd7 Ke7 35. Bb5 Kd6 36. h4 Kd5 0-1